| 000 | 00715nam0a22002651 4500 | ||
|---|---|---|---|
| 001 | v19\rc\1965469 | ||
| 005 | 20251118181033.1 | ||
| 035 | _a(NLR Aleph) 005048676 | ||
| 090 |
_a6871007 _c6871007 |
||
| 100 | _a20080428d1914 u y0rusy50 ca | ||
| 101 | 0 | _arus | |
| 102 | _aRU | ||
| 105 | _aa z |||a| | ||
| 200 | 1 |
_aОбщими силами _eРассказ _fП. Андреев |
|
| 210 |
_aМосква _cМ.В. Клюкин _d1914 |
||
| 215 |
_a16 с. _cил. _d19 |
||
| 700 | 1 |
_aАндреев _bП. |
|
| 801 | 0 |
_aRU _bNLR _gpsbo |
|
| 801 | 0 |
_aRU _bRuMoRGB _2psbo |
|
| 801 | 1 |
_aRU _bProSoft-M _2rusmarc |
|
| 852 |
_aNLR _j37.53.7.311 |
||
| 899 |
_aRuMoRGB _jV 37/350 |
||
| 899 | _aБАН | ||
| 942 | _cBOOK | ||
| 980 | _aNB | ||